| 000 | 00889cam a22002897a 4500 | ||
|---|---|---|---|
| 003 | CHAP | ||
| 005 | 20220329134225.0 | ||
| 008 | 971013s1960 r 00010 d | ||
| 010 | _a17206 | ||
| 011 | _a18178 | ||
| 035 | _a22263 | ||
| 040 | _cCHAP | ||
| 100 | 0 | 0 |
_aZarudnaya, Katerina Ivanova. _9123724 |
| 245 | 1 | 2 | _aA chromatographic study of anthocyanins and related substances in various genotypes of maize |
| 260 |
_as.l., _c1960 |
||
| 300 | _a193 p. | ||
| 500 | _aUniversity of Missouri. Doctor of Philosophy | ||
| 590 |
_aBATCH-UPD _b10 _c20130110 _lUCH01 _h1613 |
||
| 590 |
_aBATCH-UPD _b10 _c20130410 _lUCH01 _h1008 |
||
| 590 |
_aBATCH-UPD _b10 _c20130914 _lUCH01 _h1749 |
||
| 590 |
_aCONVERSION _b10 _c20130109 _lUCH01 _h1311 |
||
| 650 | 1 | 4 |
_aAntocianinas. _96078 |
| 650 | 1 | 4 |
_aMaíz _xGenética. _970963 |
| 901 | _aBK | ||
| 942 | _cMP | ||
| 949 |
_bBC _cTES _d-52143 _eMP _i22263 _si |
||
| 999 |
_c17206 _d17206 |
||